000 00698nam a2200181Ia 4500
003 GCL
008 140319s9999 xx 000 0 ara d
040 _aGCL /
_cGCL
082 0 4 _a923.8
_bم م
100 1 _aمحمد الصاوى خليل
245 1 0 _aمن مذكرات رئيس مجلس ادارة بالقطاع العام : 7000 يوم فى السوق (هدية من الاديب عبدالفتاح الجمل) /
_cمحمد الصاوى خليل
300 _a207 ص
490 _aالهيئة العامة للاستعلامات
_v0
650 0 4 _aالتراجم الذاتية
650 0 4 _aالتجارة الداخلية
650 0 4 _aالتجارة الحكومية
942 _2ddc
_cBK
999 _c47159
_d47159